[Event "Open A Befana"]
[Site "Milano ITA"]
[Date "2010.01.03"]
[Round "2"]
[White "Bisignano, Giuseppe"]
[Black "Cartella, Giovanni"]
[Result "1-0"]
[WhiteElo "1942"]
[BlackElo "1862"]
[PlyCount "117"]
[EventDate "2010.01.02"]

1. e4 c5 2. Nf3 e6 3. d4 cxd4 4. Nxd4 Nc6 5. Bc4 Nf6 6. Nxc6 dxc6 7. Qe2 Be7 8.
O-O O-O 9. Nc3 b5 10. e5 Nd5 11. Nxd5 exd5 12. Bd3 Re8 13. f4 g6 14. Be3 Bf8
15. Qf2 a5 16. Rad1 Bg4 17. Rd2 Qc8 18. h3 Bf5 19. Bc5 Qd7 20. Bxf8 Rxf8 21.
Qc5 Bxd3 22. cxd3 Qa7 23. Rc2 Rfc8 24. d4 Qxc5 25. Rxc5 Ra7 26. f5 a4 27. f6
Rac7 28. Kf2 Kf8 29. Kf3 Ke8 30. Kg4 h5+ 31. Kg5 Kd7 32. Rf4 Ke6 33. g4 Rh8 34.
Rf3 hxg4 35. Kxg4 Rhc8 36. h4 Rh8 37. a3 Rhc8 38. Rfc3 Kd7 39. Kg5 Rh8 40. e6+
Kxe6 41. Rxc6+ Rxc6 42. Rxc6+ Kd7 43. Rc5 Rh5+ 44. Kg4 Ke6 45. Rc6+ Kd7 46. Rb6
Rf5 47. Rxb5 Ke6 48. Rb6+ Kd7 49. Rb4 Ke6 50. Rxa4 Kxf6 51. Ra6+ Ke7 52. b4 Rf1
53. b5 Rb1 54. b6 Kd7 55. Kg5 Kc8 56. Ra7 Rg1+ 57. Kf6 Rf1+ 58. Ke5 Rf5+ 59.
Kd6 1-0

[Event "Open A Befana"]
[Site "Milano ITA"]
[Date "2010.01.03"]
[Round "2"]
[White "Bozzali, Ermanno"]
[Black "Corti, Massimo"]
[Result "1/2-1/2"]
[WhiteElo "2120"]
[BlackElo "2025"]
[PlyCount "51"]
[EventDate "2010.01.02"]

1. Nf3 Nf6 2. d4 g6 3. c4 Bg7 4. Nc3 d6 5. Bf4 O-O 6. e3 c5 7. h3 Qa5 8. Be2
Ne4 9. Qb3 Nc6 10. O-O Nxc3 11. bxc3 e5 12. Bh2 Qc7 13. Rad1 b6 14. Qc2 Ba6 15.
dxe5 dxe5 16. Qa4 Bb7 17. Ng5 h6 18. Ne4 Rad8 19. Ng3 Na5 20. e4 Rxd1 21. Rxd1
Rd8 22. f3 Ba6 23. Rd5 Bb7 24. Rd1 Ba6 25. Rd5 Bb7 26. Rd1 1/2-1/2

[Event "Open A Befana"]
[Site "Milano ITA"]
[Date "2010.01.03"]
[Round "2"]
[White "Colombo, Luca"]
[Black "Astengo, Marcello"]
[Result "0-1"]
[WhiteElo "1874"]
[BlackElo "2104"]
[PlyCount "44"]
[EventDate "2010.01.02"]

1. e4 c6 2. d4 d5 3. Nc3 dxe4 4. Nxe4 Nf6 5. Ng3 e5 6. dxe5 Qxd1+ 7. Kxd1 Ng4
8. Nh3 Nxe5 9. Bf4 Bd6 10. Ne4 Bc7 11. a4 O-O 12. Be2 Nbd7 13. Kc1 Nb6 14. Nc3
Bxh3 15. gxh3 Nd3+ 16. Bxd3 Bxf4+ 17. Kb1 Rfe8 18. Ne4 Rad8 19. Nc5 Nd5 20.
Nxb7 Rb8 21. Ba6 Nc7 22. Nc5 Bd6 0-1

[Event "Open A Befana"]
[Site "Milano ITA"]
[Date "2010.01.03"]
[Round "2"]
[White "Faccio, Fabio"]
[Black "Papa, Angelo"]
[Result "0-1"]
[WhiteElo "1937"]
[BlackElo "1852"]
[PlyCount "66"]
[EventDate "2010.01.02"]

1. e4 g6 2. d4 Bg7 3. Nf3 d6 4. Bc4 c6 5. Nc3 Nf6 6. Bg5 b5 7. Bb3 O-O 8. Qe2
h6 9. Bh4 a5 10. a3 Ba6 11. Qe3 Qc7 12. Bxf6 exf6 13. O-O-O Nd7 14. Nh4 Kh7 15.
Qg3 Nb6 16. Rhe1 b4 17. axb4 axb4 18. Na2 Bc4 19. Nxb4 Ra1+ 20. Kd2 Rxd1+ 21.
Rxd1 Bxb3 22. Qxb3 d5 23. Qg3 Nc4+ 24. Ke2 Qb6 25. Qb3 Re8 26. f3 f5 27. Nd3
fxe4 28. Qxb6 exd3+ 29. Kf2 Nxb6 30. Rxd3 Bf6 31. Kg3 Nc4 32. b3 Ne3 33. c4 g5
0-1

[Event "Open A Befana"]
[Site "Milano ITA"]
[Date "2010.01.03"]
[Round "2"]
[White "Gori, Andrea"]
[Black "Soncin, Denis"]
[Result "0-1"]
[WhiteElo "2173"]
[BlackElo "2038"]
[PlyCount "62"]
[EventDate "2010.01.02"]

1. e4 c5 2. Nf3 a6 3. c3 g6 4. d4 cxd4 5. cxd4 d5 6. exd5 Nf6 7. Nc3 Nxd5 8.
Bc4 Nxc3 9. bxc3 Bg7 10. O-O O-O 11. Re1 b5 12. Bb3 Nc6 13. Ba3 b4 14. Bb2 bxc3
15. Bxc3 Bg4 16. Re4 Bxf3 17. Qxf3 Nxd4 18. Bxd4 Bxd4 19. Rd1 e5 20. Rxe5 Bxe5
21. Rxd8 Raxd8 22. Qb7 a5 23. Qb5 Bc3 24. h4 h5 25. g4 Bb4 26. gxh5 Rd6 27. Qg5
Kh7 28. Kh2 Rd2 29. Kg2 Rd6 30. hxg6+ Rxg6 31. Bc2 f5 0-1

[Event "Open A Befana"]
[Site "Milano ITA"]
[Date "2010.01.03"]
[Round "2"]
[White "Jones, Alessandro"]
[Black "Astengo, Corrado"]
[Result "1-0"]
[WhiteElo "1967"]
[BlackElo "2142"]
[PlyCount "77"]
[EventDate "2010.01.02"]

1. d4 d5 2. Nf3 Nf6 3. e3 g6 4. b4 Bg7 5. Nbd2 O-O 6. Bb2 b6 7. c4 c5 8. dxc5
bxc5 9. b5 Bb7 10. a4 Nbd7 11. a5 Rc8 12. cxd5 Nxd5 13. Bxg7 Kxg7 14. Bc4 Qc7
15. O-O Rfd8 16. Qb3 Ne5 17. Qb2 f6 18. Nxe5 Qxe5 19. Qxe5 fxe5 20. Nb3 Rd6 21.
Rfc1 Nf6 22. Kf1 Ne4 23. Ke2 Rf6 24. f3 Nd6 25. a6 Ba8 26. Na5 Rb8 27. Rab1 e4
28. f4 Nxc4 29. Nxc4 Bd5 30. Ne5 Ba2 31. Rb2 Rxa6 32. Rcc2 Ra5 33. Rxa2 Rbxb5
34. Nc6 Rxa2 35. Rxa2 a6 36. Nxe7 c4 37. Kd2 a5 38. Nc6 a4 39. Nd4 1-0

[Event "Open A Befana"]
[Site "Milano ITA"]
[Date "2010.01.03"]
[Round "2"]
[White "Pace, Pietro Dario"]
[Black "Bemporad, Filippo"]
[Result "1-0"]
[WhiteElo "2253"]
[BlackElo "2081"]
[PlyCount "73"]
[EventDate "2010.01.02"]

1. e4 c5 2. Nf3 d6 3. c3 Nf6 4. Be2 Nc6 5. d3 e6 6. O-O Be7 7. Re1 O-O 8. Bf1
Bd7 9. d4 d5 10. e5 Ne4 11. Bd3 f5 12. exf6 Nxf6 13. Ne5 cxd4 14. cxd4 Nb4 15.
Bf1 Rc8 16. Nc3 Nc6 17. Be3 Bd6 18. Nxd7 Qxd7 19. g3 Ne7 20. Bh3 Nf5 21. Qd3
Bb4 22. f3 Ne8 23. Bf2 Ned6 24. Rac1 Nc4 25. b3 Ncd6 26. Re2 Rfe8 27. Rcc2 Bxc3
28. Rxc3 Rxc3 29. Qxc3 Rc8 30. Qe1 Kf7 31. g4 Ne7 32. Qd2 Ng6 33. Bf1 Qc6 34.
Bg3 Ne8 35. Qe3 Nf6 36. h4 Qc3 37. Qxe6+ 1-0

[Event "Open A Befana"]
[Site "Milano ITA"]
[Date "2010.01.03"]
[Round "2"]
[White "Paniga, Danilo"]
[Black "Rossi, Giampiero"]
[Result "1-0"]
[WhiteElo "1845"]
[BlackElo "1922"]
[PlyCount "109"]
[EventDate "2010.01.02"]

1. d4 d5 2. Nf3 c6 3. e3 Bf5 4. Bd3 Bxd3 5. Qxd3 Nf6 6. Nbd2 e6 7. O-O Nbd7 8.
c3 Be7 9. e4 O-O 10. Re1 dxe4 11. Nxe4 Nxe4 12. Rxe4 Nc5 13. Qe2 Nxe4 14. Qxe4
Qd5 15. Qc2 Bf6 16. Bf4 Rfe8 17. b3 Rac8 18. Rd1 g6 19. Ne5 Bxe5 20. Bxe5 f6
21. Bxf6 Qf5 22. Qxf5 exf5 23. Be5 Rcd8 24. f4 Rd7 25. Kf2 Kf7 26. c4 Rc8 27.
Re1 b5 28. c5 b4 29. Ke3 a5 30. Kd3 Rb7 31. Kc4 Ra8 32. Bd6 a4 33. Re2 axb3 34.
axb3 Ra1 35. Rc2 Re1 36. Kd3 Rb1 37. Kc4 Rf1 38. d5 cxd5+ 39. Kxd5 Rd1+ 40. Kc6
Ra7 41. Rc4 Ra6+ 42. Kb5 Raxd6 43. cxd6 Rxd6 44. Rc7+ Kg8 45. Kxb4 Rd2 46. Rc3
Rxg2 47. Kc5 Kf7 48. b4 Ke6 49. Kc6 Ra2 50. b5 Ra1 51. Re3+ Kf7 52. Kb7 Rd1 53.
Kc7 Rd2 54. b6 Rc2+ 55. Kb7 1-0

[Event "Open A Befana"]
[Site "Milano ITA"]
[Date "2010.01.03"]
[Round "2"]
[White "Parenti, Davide"]
[Black "Gagliardi, Christian"]
[Result "0-1"]
[WhiteElo "2037"]
[BlackElo "2222"]
[PlyCount "100"]
[EventDate "2010.01.02"]

1. d4 Nf6 2. c4 g6 3. Nc3 Bg7 4. Nf3 O-O 5. g3 d6 6. Bg2 c6 7. O-O Qa5 8. e4 e5
9. dxe5 dxe5 10. Qc2 Bg4 11. Nd2 Nbd7 12. Nb3 Qc7 13. Be3 Rfe8 14. Na4 b6 15.
h3 Be6 16. Rfd1 Nh5 17. c5 b5 18. Nc3 Bf8 19. g4 Ng7 20. Nd5 Qb7 21. Na5 Qc8
22. Nb4 Nb8 23. f4 Qc7 24. Nb3 Bxb3 25. axb3 exf4 26. Bd4 Ne6 27. Bf2 a5 28.
Nd3 Nd7 29. Re1 Ne5 30. Nxe5 Qxe5 31. Rac1 a4 32. Red1 axb3 33. Qxb3 Ra4 34.
Rd7 Rea8 35. Qc3 Bg7 36. Qxe5 Bxe5 37. b3 Ra1 38. Rdd1 Rxc1 39. Rxc1 Kf8 40. h4
h6 41. Bf3 g5 42. Bd1 Ra1 43. Rxa1 Bxa1 44. hxg5 hxg5 45. Kf1 Bd4 46. Bxd4 Nxd4
47. Ke1 Ke7 48. b4 Ke6 49. Kd2 Ke5 50. Kd3 f6 0-1

[Event "Open A Befana"]
[Site "Milano ITA"]
[Date "2010.01.03"]
[Round "2"]
[White "Pelizzola, Danilo"]
[Black "Damia, Angelo"]
[Result "1/2-1/2"]
[WhiteElo "2077"]
[BlackElo "2315"]
[PlyCount "82"]
[EventDate "2010.01.02"]

1. e4 c5 2. Nf3 a6 3. c4 Nc6 4. Nc3 d6 5. Be2 g6 6. d4 Bg7 7. dxc5 Bxc3+ 8.
bxc3 Nf6 9. cxd6 Nxe4 10. Bd3 Nxd6 11. O-O Bg4 12. h3 Bxf3 13. Qxf3 Ne5 14. Qd5
Nxd3 15. Qxd3 Qc7 16. c5 Qxc5 17. Re1 O-O 18. Rxe7 Nf5 19. Rd7 b5 20. a4 Rfc8
21. axb5 Qxb5 22. Qxb5 axb5 23. Rxa8 Rxa8 24. Bg5 h6 25. g4 hxg5 26. gxf5 Kg7
27. Rd5 Ra1+ 28. Kg2 Rb1 29. fxg6 Kxg6 30. Kf3 Rb3 31. Kg2 f6 32. Rc5 Kf7 33.
Rc6 Ke7 34. f3 Kf7 35. Kg3 Kg6 36. h4 gxh4+ 37. Kxh4 Kf5 38. Kg3 Ke5 39. Kg4
Kd5 40. Rc8 Ra3 41. Kf5 Ra4 1/2-1/2

[Event "Open A Befana"]
[Site "Milano ITA"]
[Date "2010.01.03"]
[Round "2"]
[White "Perrotta, Leopoldo"]
[Black "Gaggino, Davide"]
[Result "1-0"]
[WhiteElo "1855"]
[BlackElo "1939"]
[PlyCount "107"]
[EventDate "2010.01.02"]

1. d4 Nf6 2. c4 g6 3. Nc3 Bg7 4. e4 d6 5. Nf3 O-O 6. Be2 Nbd7 7. Be3 e5 8. O-O
a5 9. Qd2 Ng4 10. Bg5 f6 11. Bh4 Bh6 12. Qd1 Bf4 13. Nd5 g5 14. g3 gxh4 15.
gxf4 f5 16. Ng5 Ndf6 17. dxe5 dxe5 18. exf5 Bxf5 19. Nxf6+ Nxf6 20. fxe5 Nd7
21. Qd5+ Kh8 22. Nf7+ Rxf7 23. Qxf7 Qg5+ 24. Kh1 Nxe5 25. Qd5 Qf4 26. f3 c6 27.
Qd6 Bg6 28. Rad1 Re8 29. Qd4 Qxd4 30. Rxd4 h3 31. f4 c5 32. Rd2 Be4+ 33. Kg1
Rg8+ 34. Kf2 Nc6 35. Rg1 Rf8 36. Ke3 Bg2 37. Bf3 Bxf3 38. Kxf3 Ne5+ 39. Ke4
Nxc4 40. Rc2 Re8+ 41. Kf3 Re3+ 42. Kf2 Re4 43. b3 Rxf4+ 44. Kg3 Rg4+ 45. Kxg4
Ne3+ 46. Kxh3 Nxc2 47. Rc1 Nb4 48. a3 Nd3 49. Rc3 Nf4+ 50. Kg4 Ne6 51. Kf5 Nd4+
52. Kf6 b6 53. Re3 h6 54. Kg6 1-0

[Event "Open A Befana"]
[Site "Milano ITA"]
[Date "2010.01.03"]
[Round "2"]
[White "Radice, Luca"]
[Black "Cazzaniga, Walter"]
[Result "0-1"]
[WhiteElo "2084"]
[BlackElo "2119"]
[PlyCount "58"]
[EventDate "2010.01.02"]

1. e4 e6 2. d4 d5 3. e5 c5 4. c3 Nc6 5. Nf3 Qb6 6. Bd3 cxd4 7. cxd4 Bd7 8. O-O
Nxd4 9. Ng5 Nc6 10. Nxf7 Kxf7 11. Qh5+ g6 12. Bxg6+ hxg6 13. Qxh8 Bg7 14. Qh3
Nxe5 15. Nc3 Nf6 16. Ne2 Nc4 17. b3 e5 18. Qg3 Nd6 19. Ba3 Re8 20. Qe3 d4 21.
Qd2 Nde4 22. Qb4 Qxb4 23. Bxb4 Nd5 24. f3 Nxb4 25. fxe4+ Kg8 26. Rfc1 Bc6 27.
Ng3 Bh6 28. Rc5 Be3+ 29. Kf1 b6 0-1

[Event "Open A Befana"]
[Site "Milano ITA"]
[Date "2010.01.03"]
[Round "2"]
[White "Rota, Simone"]
[Black "Mintenko, Heorhiy"]
[Result "1/2-1/2"]
[WhiteElo "2024"]
[BlackElo "2167"]
[PlyCount "105"]
[EventDate "2010.01.02"]

1. d4 d5 2. c4 c6 3. Nf3 Nf6 4. e3 a6 5. Nc3 g6 6. Bd3 Bg7 7. O-O O-O 8. h3
Nbd7 9. b3 Qc7 10. Bb2 e5 11. cxd5 cxd5 12. dxe5 Nxe5 13. Nxe5 Qxe5 14. Na4 Qd6
15. Bd4 Re8 16. Rc1 b5 17. Nb6 Rb8 18. Nxc8 Rbxc8 19. Qe2 Rc6 20. a4 bxa4 21.
Rxc6 Qxc6 22. Bxa6 Rb8 23. bxa4 Qxa4 24. Ra1 Qb3 25. Bd3 Rc8 26. Rb1 Qa3 27.
Rb5 Qd6 28. g3 Ne4 29. Bxe4 dxe4 30. Bxg7 Kxg7 31. Rb2 Rc1+ 32. Kg2 Rd1 33. Ra2
Rd3 34. Qb2+ Kh6 35. Qb7 Qe6 36. Ra7 Kg7 37. Ra4 Rd5 38. Qb2+ Kh6 39. Qb8 Kg7
40. Ra8 Kh6 41. Qf8+ Kg5 42. h4+ Kh5 43. Qb8 Qf6 44. Qf4 Qxf4 45. exf4 Rd2 46.
Re8 f5 47. Re7 h6 48. Re6 Rc2 49. Kf1 Kg4 50. Kg2 Kh5 51. Kf1 Kg4 52. Kg2 Kh5
53. Kf1 1/2-1/2

[Event "Open A Befana"]
[Site "Milano ITA"]
[Date "2010.01.03"]
[Round "2"]
[White "Scagliotti, Guglielmo"]
[Black "Papale, Carmelo"]
[Result "1/2-1/2"]
[WhiteElo "1817"]
[BlackElo "1876"]
[PlyCount "81"]
[EventDate "2010.01.02"]

1. e4 c5 2. Nf3 d6 3. d4 cxd4 4. Nxd4 Nf6 5. Nc3 a6 6. Be3 e5 7. Nb3 Be7 8. f3
Be6 9. Qd2 Nbd7 10. g4 h6 11. O-O-O Qc7 12. Rg1 O-O-O 13. Qf2 Kb8 14. Kb1 Nc5
15. Nd5 Bxd5 16. exd5 Na4 17. Rg2 Rc8 18. Qd2 Nb6 19. Qa5 Nc4 20. Qxc7+ Rxc7
21. Bxc4 Rxc4 22. Nd2 Rcc8 23. Ne4 Nxe4 24. fxe4 Rc4 25. Re1 Bg5 26. b3 Rc7 27.
Bc1 Bxc1 28. Kxc1 Rc3 29. Kb2 Rhc8 30. Rf1 f6 31. Re1 b5 32. Ree2 Rh3 33. Rg3
Rxg3 34. hxg3 b4 35. Re3 Rc5 36. c4 bxc3+ 37. Rxc3 Rxc3 38. Kxc3 Kc7 39. Kc4
Kb6 40. b4 a5 41. b5 1/2-1/2

[Event "Open A Befana"]
[Site "Milano ITA"]
[Date "2010.01.03"]
[Round "2"]
[White "Vallone, Ugo"]
[Black "Santelli, Francesco"]
[Result "1-0"]
[WhiteElo "1919"]
[BlackElo "1824"]
[PlyCount "117"]
[EventDate "2010.01.02"]

1. Nf3 c5 2. b4 b6 3. bxc5 bxc5 4. c4 Nc6 5. Nc3 Rb8 6. e3 e5 7. Be2 Nf6 8. O-O
Be7 9. a3 d6 10. Qc2 O-O 11. Rd1 Nd7 12. Bd3 g6 13. Be4 Na5 14. Nd5 Nf6 15.
Nxf6+ Bxf6 16. d3 Bg7 17. Rb1 Bd7 18. Bd2 Nc6 19. Bd5 Qc7 20. Ng5 h6 21. Ne4
Ne7 22. Nc3 Bc6 23. Bxc6 Qxc6 24. Rxb8 Rxb8 25. Rb1 Rb6 26. e4 f5 27. f3 Kf7
28. Nb5 a6 29. Qa2 Ke8 30. a4 axb5 31. cxb5 Qd7 32. Qc4 Kf8 33. a5 Rb8 34. b6
d5 35. Qxc5 dxe4 36. Bb4 exd3 37. a6 e4 38. Qxe7+ Qxe7 39. Bxe7+ Kxe7 40. a7
Rd8 41. Kf1 Bd4 42. fxe4 fxe4 43. Rb4 e3 44. Rxd4 Rxd4 45. a8=Q e2+ 46. Kf2
Rf4+ 47. Kg3 e1=Q+ 48. Kxf4 Qf2+ 49. Qf3 Qxf3+ 50. Kxf3 Kd6 51. Ke3 Kc6 52.
Kxd3 Kxb6 53. Ke4 Kc6 54. Ke5 Kd7 55. Kf6 g5 56. Kg6 Ke6 57. g4 Ke5 58. Kxh6
Kf4 59. Kh5 1-0

[Event "Open A Befana"]
[Site "Milano ITA"]
[Date "2010.01.03"]
[Round "3"]
[White "Acunzo, Domenico"]
[Black "Bozzali, Ermanno"]
[Result "0-1"]
[WhiteElo "1806"]
[BlackElo "2120"]
[PlyCount "68"]
[EventDate "2010.01.02"]

1. e4 c5 2. Nf3 d6 3. c3 Nf6 4. Be2 Bg4 5. O-O e6 6. d4 cxd4 7. cxd4 d5 8. exd5
Nxd5 9. Nc3 Be7 10. h3 Bh5 11. Ne5 Bxe2 12. Qxe2 O-O 13. Rd1 Nc6 14. Qb5 Nxe5
15. dxe5 Nxc3 16. Rxd8 Nxb5 17. Rxa8 Rxa8 18. Be3 f6 19. f4 fxe5 20. fxe5 Nc7
21. Rc1 Nd5 22. Bd2 Kf7 23. Rf1+ Ke8 24. Rf3 Rc8 25. Rg3 g6 26. h4 Rc2 27. Bg5
Bc5+ 28. Kh2 Rxb2 29. h5 Bd4 30. Ra3 Bxe5+ 31. Kh3 a6 32. hxg6 hxg6 33. Bh4 Rc2
34. Rb3 Rc3+ 0-1

[Event "Open A Befana"]
[Site "Milano ITA"]
[Date "2010.01.03"]
[Round "3"]
[White "Astengo, Corrado"]
[Black "Vallone, Ugo"]
[Result "1-0"]
[WhiteElo "2142"]
[BlackElo "1919"]
[PlyCount "77"]
[EventDate "2010.01.02"]

1. e4 c6 2. d4 d5 3. Nd2 dxe4 4. Nxe4 Bf5 5. Ng3 Bg6 6. Nh3 e6 7. Nf4 Be7 8.
Bc4 Bf6 9. c3 Nd7 10. Nxg6 hxg6 11. Ne4 Be7 12. Bf4 Nb6 13. Bb3 Nd5 14. Bd2 Rh4
15. Qe2 Ngf6 16. Ng5 Qd6 17. g3 Rh5 18. O-O-O b5 19. Kb1 a6 20. h4 Rh8 21. c4
bxc4 22. Qxc4 Nb6 23. Qc2 Rc8 24. Bf4 Qd7 25. Bxe6 Qb7 26. Bxc8 Nxc8 27. Rc1
Na7 28. Rhe1 Kf8 29. Qb3 Qxb3 30. axb3 Nd5 31. Bb8 Bxg5 32. hxg5 Nc8 33. Rxc6
Nde7 34. Bd6 Nxd6 35. Rxd6 Ke8 36. Rxa6 Kd8 37. Ra8+ Nc8 38. Rc1 Kd7 39. Raxc8
1-0

[Event "Open A Befana"]
[Site "Milano ITA"]
[Date "2010.01.03"]
[Round "3"]
[White "Astengo, Marcello"]
[Black "Pace, Pietro Dario"]
[Result "0-1"]
[WhiteElo "2104"]
[BlackElo "2253"]
[PlyCount "82"]
[EventDate "2010.01.02"]

1. d4 c5 2. d5 d6 3. c4 e5 4. e4 g6 5. Nc3 Bg7 6. Bd3 Nf6 7. Nge2 O-O 8. f3 Na6
9. Be3 h6 10. Qd2 Kh7 11. O-O-O Nc7 12. g4 Nfe8 13. h4 a6 14. Ng3 b5 15. b3
bxc4 16. bxc4 Bd7 17. h5 g5 18. Kb1 Rb8+ 19. Ka1 Nb5 20. cxb5 axb5 21. Nb1 Nc7
22. Bf1 Qf6 23. Nf5 Bh8 24. Rh2 Ra8 25. Qc1 c4 26. Qb2 Na6 27. Na3 c3 28. Qb3
Rfb8 29. Nc2 b4 30. Bxa6 Rxa6 31. Qc4 Ra4 32. Qc7 b3 33. Qxb8 Rxa2+ 34. Kb1
Rb2+ 35. Kc1 bxc2 36. Qc7 cxd1=Q+ 37. Kxd1 Ba4+ 38. Ke1 Rxh2 39. Qxc3 Bd7 40.
Bg1 Ra2 41. Ng3 Qd8 0-1

[Event "Open A Befana"]
[Site "Milano ITA"]
[Date "2010.01.03"]
[Round "3"]
[White "Bemporad, Filippo"]
[Black "Colombo, Luca"]
[Result "1/2-1/2"]
[WhiteElo "2081"]
[BlackElo "1874"]
[PlyCount "62"]
[EventDate "2010.01.02"]

1. d4 Nf6 2. Nf3 d5 3. c4 e6 4. Nbd2 Be7 5. e3 O-O 6. Bd3 Nbd7 7. O-O c5 8. b3
b6 9. Bb2 Bb7 10. Rc1 Rc8 11. Qe2 cxd4 12. exd4 dxc4 13. Nxc4 Nd5 14. g3 N7f6
15. Nfe5 Nb4 16. Bb1 Qd5 17. f3 Qd8 18. Rfe1 Nbd5 19. Bd3 b5 20. Nd2 a6 21. a3
Qb6 22. Ne4 Rfd8 23. Ng5 b4 24. Ngxf7 bxa3 25. Ba1 Rxc1 26. Rxc1 Rc8 27. Rxc8+
Bxc8 28. Bc4 a5 29. Ng5 Bb4 30. Qd3 Bd6 31. Ng4 Qc7 1/2-1/2

[Event "Open A Befana"]
[Site "Milano ITA"]
[Date "2010.01.03"]
[Round "3"]
[White "Cartella, Giovanni"]
[Black "Faccio, Fabio"]
[Result "0-1"]
[WhiteElo "1862"]
[BlackElo "1937"]
[PlyCount "92"]
[EventDate "2010.01.02"]

1. d4 Nf6 2. Nf3 e6 3. Bg5 Be7 4. e3 b6 5. c3 Bb7 6. Nbd2 c5 7. Bd3 d5 8. Qc2
c4 9. Be2 O-O 10. h4 Ne4 11. Bxe7 Qxe7 12. Nxe4 dxe4 13. Ng5 b5 14. Nxe4 f5 15.
Ng5 Bxg2 16. Rg1 Bd5 17. Bf3 h6 18. Bxd5 exd5 19. Nf3 Nc6 20. Rg6 Rf6 21. Rxf6
Qxf6 22. O-O-O b4 23. h5 a5 24. Rg1 Ne7 25. Ne5 Qh4 26. Qe2 bxc3 27. bxc3 Rb8
28. f4 Qh3 29. Qf3 Qxf3 30. Nxf3 a4 31. Kc2 a3 32. Rb1 Rxb1 33. Kxb1 g6 34.
hxg6 Nxg6 35. Kc2 Kg7 36. Kd1 Ne7 37. Ke1 Kg6 38. Nd2 Kh5 39. Nb1 Kg4 40. Kf2
h5 41. Nxa3 h4 42. Nc2 h3 43. Ne1 Nc8 44. a4 Nd6 45. Nf3 Ne4+ 46. Ke2 Nxc3+ 0-1

[Event "Open A Befana"]
[Site "Milano ITA"]
[Date "2010.01.03"]
[Round "3"]
[White "Cazzaniga, Walter"]
[Black "Perrotta, Leopoldo"]
[Result "1/2-1/2"]
[WhiteElo "2119"]
[BlackElo "1855"]
[PlyCount "61"]
[EventDate "2010.01.02"]

1. d4 Nf6 2. c4 c5 3. d5 e6 4. Nc3 exd5 5. cxd5 d6 6. Nf3 g6 7. h3 Bg7 8. e4
O-O 9. Bd3 b6 10. O-O Na6 11. Re1 Nc7 12. a4 Ba6 13. Bxa6 Nxa6 14. Bf4 Ne8 15.
Qe2 Nb4 16. Rad1 Nc7 17. e5 Re8 18. Qd2 dxe5 19. Nxe5 f6 20. Nc4 Rxe1+ 21. Qxe1
Qd7 22. d6 Ne6 23. Bg3 Re8 24. Qd2 Nd4 25. Nb5 Re2 26. Qf4 Nbc6 27. b4 Rc2 28.
Nxd4 Nxd4 29. Rxd4 cxd4 30. Qxd4 Kf8 31. Qd5 1/2-1/2

[Event "Open A Befana"]
[Site "Milano ITA"]
[Date "2010.01.03"]
[Round "3"]
[White "Corti, Massimo"]
[Black "Bertazzo, Giorgio"]
[Result "0-1"]
[WhiteElo "2025"]
[BlackElo "2105"]
[PlyCount "78"]
[EventDate "2010.01.02"]

1. d4 Nf6 2. Nf3 d5 3. c4 e6 4. g3 Be7 5. Bg2 O-O 6. O-O c6 7. Qc2 Nbd7 8. Nc3
dxc4 9. a4 a5 10. e4 b6 11. Rd1 Ba6 12. Bf4 Qc8 13. h3 Rd8 14. g4 Nf8 15. g5
Ne8 16. h4 Bd6 17. e5 Be7 18. Nh2 Ra7 19. Ng4 Rad7 20. Be3 Qc7 21. Qe4 Bb7 22.
Qf4 Ng6 23. Qg3 Bf8 24. Ne4 c5 25. h5 Ne7 26. Ngf6+ Nxf6 27. Nxf6+ gxf6 28.
gxf6+ Kh8 29. fxe7 Bxe7 30. d5 Rg8 31. Qf4 Bxd5 32. Rxd5 exd5 33. Qxf7 Qxe5 34.
Bf4 Qg7 35. Qxg7+ Kxg7 36. Re1 Kf7 37. Kf1 Rxg2 38. Kxg2 Bf6 39. Re2 c3 0-1

[Event "Open A Befana"]
[Site "Milano ITA"]
[Date "2010.01.03"]
[Round "3"]
[White "De Santis, Massimo"]
[Black "Gori, Andrea"]
[Result "0-1"]
[WhiteElo "1893"]
[BlackElo "2173"]
[PlyCount "82"]
[EventDate "2010.01.02"]

1. e4 e5 2. Nf3 Nc6 3. Bb5 a6 4. Ba4 Nf6 5. O-O Be7 6. Re1 b5 7. Bb3 O-O 8. c3
d5 9. Bxd5 Nxd5 10. exd5 Qxd5 11. c4 Qxc4 12. Nxe5 Nxe5 13. Rxe5 Bd6 14. Re3
Qh4 15. g3 Qh3 16. d4 Bb7 17. d5 f5 18. Rd3 Rae8 19. Nc3 Qg4 20. Be3 Qg6 21. a3
h5 22. b4 f4 23. Bc5 fxg3 24. hxg3 Rf5 25. Bxd6 Qxd6 26. Qd2 c6 27. Re1 Rxe1+
28. Qxe1 cxd5 29. Qe8+ Qf8 30. Qxf8+ Kxf8 31. Kf1 Ke7 32. Ke2 Ke6 33. f4 h4 34.
gxh4 Rxf4 35. Rg3 Kf7 36. h5 d4 37. Nb1 Bc8 38. Nd2 Bg4+ 39. Kd3 Bxh5 40. Rg5
Bg6+ 41. Ke2 Bf5 0-1

[Event "Open A Befana"]
[Site "Milano ITA"]
[Date "2010.01.03"]
[Round "3"]
[White "Gagliardi, Christian"]
[Black "Jones, Alessandro"]
[Result "1-0"]
[WhiteElo "2222"]
[BlackElo "1967"]
[PlyCount "55"]
[EventDate "2010.01.02"]

1. e4 c6 2. c4 d5 3. cxd5 cxd5 4. exd5 Nf6 5. Nc3 Nxd5 6. Nf3 e6 7. d4 Nc6 8.
Bd3 Be7 9. O-O O-O 10. Re1 Bd7 11. a3 Bf6 12. Bc2 Rc8 13. Qd3 g6 14. Bh6 Re8
15. Bb3 Nce7 16. Ne4 Nf5 17. Nxf6+ Qxf6 18. Bg5 Qg7 19. Ne5 f6 20. Nxd7 fxg5
21. Ne5 Rcd8 22. Rad1 Nf4 23. Qe4 Nh4 24. g3 Nh3+ 25. Kf1 Nf5 26. Kg2 Nf4+ 27.
gxf4 g4 28. d5 1-0

[Event "Open A Befana"]
[Site "Milano ITA"]
[Date "2010.01.03"]
[Round "3"]
[White "Marinone, Lucio"]
[Black "Paniga, Danilo"]
[Result "0-1"]
[WhiteElo "1997"]
[BlackElo "1845"]
[PlyCount "109"]
[EventDate "2010.01.02"]

1. d4 f5 2. g3 Nf6 3. Bg2 g6 4. Nf3 Bg7 5. O-O O-O 6. c4 d6 7. Nc3 Qe8 8. d5 a5
9. Qc2 Na6 10. a3 Bd7 11. b3 Ne4 12. Bb2 Nac5 13. Nxe4 Nxe4 14. Bxg7 Kxg7 15.
Nd4 Nf6 16. f3 e5 17. dxe6 Bxe6 18. e4 fxe4 19. fxe4 c6 20. Rae1 Nd7 21. Qd2
Qe7 22. Rxf8 Kxf8 23. Qg5 Ne5 24. Rf1+ Nf7 25. e5 Bd7 26. Qxe7+ Kxe7 27. e6
Bxe6 28. Re1 Ne5 29. Nf3 Nxf3+ 30. Bxf3 Kf6 31. Be2 d5 32. cxd5 Bxd5 33. Bd1
Rd8 34. Bc2 Rd7 35. Kf2 Re7 36. Rxe7 Kxe7 37. Ke3 Ke6 38. Kd4 b6 39. b4 axb4
40. axb4 Kd6 41. Bd3 c5+ 42. bxc5+ bxc5+ 43. Ke3 Ke5 44. h4 Bb3 45. h5 Kf6 46.
Be4 Kg5 47. hxg6 hxg6 48. Kf2 Kf6 49. Ke2 g5 50. Ke3 Ke5 51. Bh7 Bd5 52. Bb1 c4
53. Bc2 Be6 54. Bd1 Bf5 55. Be2 0-1

[Event "Open A Befana"]
[Site "Milano ITA"]
[Date "2010.01.03"]
[Round "3"]
[White "Mintenko, Heorhiy"]
[Black "Pelizzola, Danilo"]
[Result "1-0"]
[WhiteElo "2167"]
[BlackElo "2077"]
[PlyCount "71"]
[EventDate "2010.01.02"]

1. d4 Nf6 2. Nf3 g6 3. Bf4 Bg7 4. e3 O-O 5. Be2 b6 6. O-O Bb7 7. Nbd2 c5 8. c3
d6 9. h3 Nbd7 10. a4 Ne4 11. Nxe4 Bxe4 12. Nd2 Bb7 13. Bf3 Bxf3 14. Nxf3 Nf6
15. Qd3 Qc7 16. Rfe1 Rac8 17. e4 cxd4 18. cxd4 Qc2 19. Qa6 Qc4 20. Qxa7 Qb3 21.
Qxe7 Rfe8 22. Qxd6 Nxe4 23. Qa3 Qc2 24. Be3 Bf8 25. Qa2 Nd6 26. Ne5 Qe4 27. Qb3
Re6 28. Rad1 Nf5 29. Nf3 Nh4 30. Nxh4 Qxh4 31. d5 Re4 32. d6 Rd8 33. Bxb6 Rxe1+
34. Rxe1 Rxd6 35. a5 Qf6 36. Bc5 1-0

[Event "Open A Befana"]
[Site "Milano ITA"]
[Date "2010.01.03"]
[Round "3"]
[White "Orsi, Matteo"]
[Black "Bisignano, Giuseppe"]
[Result "1-0"]
[WhiteElo "1950"]
[BlackElo "1942"]
[PlyCount "55"]
[EventDate "2010.01.02"]

1. Nf3 d5 2. g3 g6 3. Bg2 Nf6 4. O-O Bg7 5. d3 Nc6 6. c3 e5 7. Bg5 h6 8. Bc1
Be6 9. Nbd2 O-O 10. b4 e4 11. Ne1 exd3 12. Nxd3 Nd7 13. Bb2 Nb6 14. Nc5 Rb8 15.
Nxe6 fxe6 16. e4 Nxb4 17. Qg4 Qf6 18. exd5 exd5 19. Qxb4 Rbe8 20. Rab1 Re2 21.
c4 d4 22. c5 Na4 23. Qc4+ Kh7 24. Qxe2 Nxb2 25. Ne4 Qd8 26. Qxb2 d3 27. Qd2 Re8
28. Rbd1 1-0